Turystyczne szczyty Tatr - Statystyki

Ogólne statystyki
  • Ten quiz został rozwiązany 78 razy
    36 od ostatniego zresetowania
  • Średni wynik to 20 z 50
Statystyki odpowiedzi
Hint Odpowiedź % Poprawnych
PL/SK 2503 W Rysy
100%
PL/SK 1987 Z Kasprowy Wierch
92%
PL/SK 2301 W Świnica
92%
PL 1895 Z Wielki Giewont
92%
PL 2291 W Kozi Wierch
84%
PL 1206 Z Nosal
72%
PL/SK 2005 Z Kopa Kondracka
68%
PL 2155 W Kościelec
64%
PL/SK 1653 Z Grześ
60%
PL/SK 2176 Z Starorobociański Wierch
60%
SK 2495 W Krywań
56%
PL/SK 2012 Z Beskid
52%
PL/SK 2096 Z Małołączniak
52%
PL/SK 1879 Z Rakoń
52%
PL/SK 2064 Z Wołowiec
52%
PL/SK 2096 Z Ciemniak
48%
PL/SK 2122 Z Krzesanica
48%
PL 1377 Z Sarnia Skała
48%
PL/SK 2172 W Szpiglasowy Wierch
48%
PL 2240 W Zadni Granat
48%
PL 1489 Z Gęsia Szyja
44%
PL 2234 W Pośredni Granat
44%
SK 2248 Z Bystra
40%
PL 2238 W Skrajny Granat
40%
PL 2226 W Mały Kozi Wierch
36%
PL 1328 Z Wielki Kopieniec
36%
SK 2429 W Mała Wysoka
32%
PL 1854 Z Ornak
32%
SK 2452 W Sławkowski Szczyt
32%
PL 1758 Z Trzydniowiański Wierch
32%
SK 2229 W Jagnięcy Szczyt
28%
PL/SK 2137 Z Jarząbczy Wierch
28%
PL/SK 2002 Z Kończysty Wierch
28%
PL/SK 2159 Z Błyszcz
20%
PL 2263 W Kozie Czuby
20%
SK 2038 W Rakuska Czuba
20%
SK 2046 Z Salatyński Wierch
20%
SK 1805 Z Siwy Wierch
20%
SK 2178 Z Banówka
16%
SK 2182 Z Baraniec
16%
SK 2166 Z Hruba Kopa
16%
SK 2367 W Koprowski Szczyt
16%
SK 2086 Z Ostry Rochacz
16%
SK 2194 Z Raczkowa Czuba
16%
SK 2117 W Skrajne Solisko
16%
SK 1932 Z Brestowa
12%
SK 2167 Z Pachoł
12%
SK 2125 Z Płaczliwy Rochacz
12%
SK 2142 Z Przysłop
12%
SK 2083 Z Spalona Kopa
12%
Nie znaleziono quizów pasujących do podanych kryteriów
Rozkład punktacji
Procent ludzi z każdym wynikiem
Percentyl według liczby udzielonych odpowiedzi
Twoja historia wyników
Nie rozwiązałeś tego quizu od ostatniego zresetowania